[Event "FRA-chT3"]
[Site "France"]
[Date "2012.01.15"]
[Round "4"]
[White "Sohier, Renaud"]
[Black "Masera, Michel"]
[Result "1-0"]
[WhiteElo "2004"]
[BlackElo "1856"]
[PlyCount "57"]
[EventDate "2012.01.20"]
[EventType "team-match"]
[EventRounds "9"]
[EventCountry "FRA"]
[SourceTitle "EXT 2014"]
[Source "ChessBase"]
[SourceDate "2013.11.20"]
[SourceVersion "1"]
[SourceVersionDate "2013.11.20"]
[SourceQuality "1"]

1. d4 Nf6 2. c4 c5 3. d5 g6 4. Nc3 Bg7 5. e4 d6 6. Bd3 0-0 7. f4 e6 8. Nf3 exd5 9. cxd5 b5 10. e5 dxe5 11. fxe5 Ng4 12. Bf4 Nxe5 13. Bxb5 Nxf3+ 14. Qxf3 Qa5 15. Bd2 Bxc3 16. Bxc3 Qxb5 17. Qf6 Re8+ 18. Be5 Rxe5+ 19. Qxe5 Bg4 20. h3 Na6 21. a4 Qb4+ 22. Kf2 Bd7 23. Qf6 Qd2+ 24. Kg3 Qe3+ 25. Kh2 Nb4 26. Rhf1 Bf5 27. Rad1 Re8 28. d6 Be6 29. d7 1-0

[Event "FRA-chT3"]
[Site "France"]
[Date "2011.12.11"]
[Round "3"]
[White "Djellouli, Hassine"]
[Black "Masera, Michel"]
[Result "1-0"]
[WhiteElo "2010"]
[BlackElo "1854"]
[PlyCount "95"]
[EventDate "2012.01.20"]
[EventType "team-match"]
[EventRounds "9"]
[EventCountry "FRA"]
[SourceTitle "EXT 2014"]
[Source "ChessBase"]
[SourceDate "2013.11.20"]
[SourceVersion "1"]
[SourceVersionDate "2013.11.20"]
[SourceQuality "1"]

1. Nf3 c5 2. c4 Nf6 3. d4 cxd4 4. Nxd4 e5 5. Nb5 d5 6. cxd5 Bc5 7. N5c3 0-0 8. Nd2 Nxd5 9. Nde4 Nxc3 10. Qxd8 Rxd8 11. bxc3 Bb6 12. Ba3 Nc6 13. e3 Ba5 14. Rc1 Rb8 15. Bc4 b5 16. Bb3 b4 17. cxb4 Bxb4+ 18. Bxb4 Nxb4 19. 0-0 Bf5 20. Ng5 Rb7 21. Rfd1 Rf8 22. Rc5 Nd3 23. Rd5 Nb4 24. Rxe5 Bg6 25. Rc5 h6 26. Nf3 Na6 27. Rc6 Rb6 28. Rxb6 axb6 29. Rd6 Nc5 30. Rxg6 Nxb3 31. Rxb6 Rc8 32. h4 Nc1 33. a4 Ra8 34. Rb4 Nd3 35. Rd4 Nc5 36. Ne5 Nxa4 37. Rd7 Rf8 38. h5 Nc5 39. Re7 Nb3 40. g4 Nc5 41. Kg2 Ne4 42. Nxf7 Nxf2 43. Kxf2 Rxf7+ 44. Rxf7 Kxf7 45. Kf3 g6 46. hxg6+ Kxg6 47. Kf4 Kf6 48. e4 1-0

[Event "FRA-chT4 1011"]
[Site "Champagne Ardennes"]
[Date "2010.10.17"]
[Round "1"]
[White "Masera, Michel"]
[Black "Roussel"]
[Result "1-0"]
[WhiteElo "1893"]
[BlackElo "1810"]
[PlyCount "81"]
[EventDate "2010.10.10"]
[EventType "team-tourn"]
[EventRounds "7"]
[EventCountry "FRA"]
[SourceTitle "EXT 2024"]
[Source "ChessBase"]
[SourceDate "2023.10.10"]
[SourceVersion "1"]
[SourceVersionDate "2023.10.10"]
[SourceQuality "1"]

1. d4 Nf6 2. c4 g6 3. Nc3 Bg7 4. e4 d6 5. f3 0-0 6. Be3 e5 7. d5 a6 8. Bd3 Ne8 9. Qd2 f5 10. exf5 Bxf5 11. Bxf5 gxf5 12. c5 dxc5 13. Bxc5 Nd6 14. Nge2 Nd7 15. Bf2 Nc4 16. Qc1 b5 17. 0-0 Qe7 18. Rd1 Qf6 19. Na4 e4 20. Bd4 Qg6 21. Nf4 Qd6 22. Bxg7 Kxg7 23. Ne6+ Kf7 24. Nxf8 Rxf8 25. fxe4 f4 26. Nc3 Ne3 27. Re1 Rg8 28. Rxe3 fxe3 29. Qxe3 Ke8 30. Rf1 Qc5 31. Qxc5 Nxc5 32. b4 Nd3 33. a3 Nb2 34. Rf6 Nc4 35. Rxa6 Kd7 36. Nxb5 Nb6 37. Ra7 Ke7 38. Rxc7+ Nd7 39. e5 Kd8 40. Ra7 Rg5 41. e6 1-0

[Event "Paris Apsap op 52nd"]
[Site "Paris"]
[Date "2002.04.16"]
[Round "4"]
[White "Masera, Michel"]
[Black "Valuet, Bertrand"]
[Result "0-1"]
[WhiteElo "1910"]
[BlackElo "2306"]
[PlyCount "56"]
[EventDate "2002.04.17"]
[EventType "swiss"]
[EventRounds "9"]
[EventCountry "FRA"]
[SourceTitle "EXT 2003"]
[Source "ChessBase"]
[SourceDate "2002.11.25"]
[SourceVersion "1"]
[SourceVersionDate "2002.11.25"]
[SourceQuality "1"]

1. d4 Nf6 2. c4 e6 3. Nc3 Bb4 4. Qc2 0-0 5. a3 Bxc3+ 6. Qxc3 b6 7. Bg5 Bb7 8. e3 d6 9. f3 Nbd7 10. Nh3 c5 11. dxc5 bxc5 12. Be2 Qb6 13. 0-0 d5 14. Rad1 e5 15. cxd5 Nxd5 16. Qd2 Qb3 17. e4 N5b6 18. Rc1 Rfe8 19. Rc3 Qa4 20. Rd1 Rac8 21. Nf2 Nf8 22. Nd3 Ne6 23. b3 Qxa3 24. b4 Qa4 25. bxc5 Nxg5 26. Nf2 Qa5 27. Rdc1 Na4 28. Qxg5 Nxc3 0-1

[Event "Paris Apsap op 52nd"]
[Site "Paris"]
[Date "2002.04.13"]
[Round "1"]
[White "Toma, Rudolf"]
[Black "Masera, Michel"]
[Result "1-0"]
[WhiteElo "2070"]
[BlackElo "1910"]
[PlyCount "51"]
[EventDate "2002.04.17"]
[EventType "swiss"]
[EventRounds "9"]
[EventCountry "FRA"]
[SourceTitle "EXT 2003"]
[Source "ChessBase"]
[SourceDate "2002.11.25"]
[SourceVersion "1"]
[SourceVersionDate "2002.11.25"]
[SourceQuality "1"]

1. e4 c5 2. Nc3 Nc6 3. g3 g6 4. Bg2 Bg7 5. d3 d6 6. f4 e6 7. Nf3 Nge7 8. 0-0 0-0 9. Be3 Rb8 10. g4 f5 11. gxf5 exf5 12. Qd2 b5 13. Rae1 b4 14. Na4 Qa5 15. b3 Ba6 16. e5 Bb5 17. exd6 Nd5 18. Ne5 Nxe3 19. Qxe3 Nxe5 20. fxe5 Bxa4 21. bxa4 Rbd8 22. Qf3 Qb6 23. Qd5+ Kh8 24. d7 Qc7 25. e6 Rg8 26. e7 1-0